Statistics for English Premier League Teams

Click here to take the quiz!

General Stats

  • This quiz has been taken 28 times
  • The average score is 17 of 20

Answer Stats

Answer% Correct
Arsenal
100%
Manchester City
96%
Manchester United
96%
Chelsea
96%
Tottenham Hotspur
92%
Liverpool
92%
Wolverhampton
92%
Leeds United
88%
Leicester City
88%
Aston Villa
88%
Newcastle United
88%
West Ham United
88%
Southampton
83%
Everton
79%
Fulham
79%
Crystal Palace
79%
West Bromwich Albion
75%
Burnley
71%
Sheffield United
67%
Brighton and Hove Albion
54%

Score Distribution

Percentile by Number Answered

Percent of People with Each Score

Your Score History

You have not taken this quiz